000
00303nam a22001457a 4500
008
210511b ||||| |||| 00| 0 eng d
020
_a
9780321238337
041
_a
eng
080
_a
004
082
_a
004
100
_a
28
101
_a
SHKI
245
_a
Digital Video
_c
Shaner,P
942
_2
udc
_c
BK
999
_c
57202
_d
57202